[Event "Europa ch 2014"]
[Site "Yerevan ARM"]
[Date "2014.03.08"]
[Round "6.114"]
[White "Danielyan, Vahe"]
[Black "Karatorossian, David"]
[Result "0-1"]
[WhiteElo "1919"]
[BlackElo "2262"]
[PlyCount "110"]
[EventDate "2014.03.03"]
[EventType "swiss"]
[EventRounds "11"]
[EventCountry "ARM"]
[Source "lmi"]
[SourceDate "2014.03.02"]

1. e4 Nc6 2. d4 d5 3. Nc3 Nf6 4. e5 Nd7 5. Nxd5 Ndb8 6. Nc3 Qxd4 7. Be3 Qxd1+
8. Rxd1 e6 9. f4 Bb4 10. Nge2 a6 11. a3 Be7 12. g3 b6 13. Bg2 Bb7 14. O-O Nd7
15. Nd4 Na5 16. Bxb7 Nxb7 17. Rd2 Na5 18. Rdd1 O-O-O 19. Kf2 Kb7 20. Nce2 Nb8
21. f5 c5 22. Nf3 exf5 23. Nf4 Rxd1 24. Rxd1 Rd8 25. Nd5 Nc4 26. b3 Nxe3 27.
Kxe3 Nc6 28. c4 g6 29. Kf4 h6 30. h4 Re8 31. Ne3 Nd8 32. Nd5 Ne6+ 33. Ke3 Bd8
34. Nf4 Kc8 35. b4 Bc7 36. Nd5 Nd8 37. Kf4 Nc6 38. b5 axb5 39. cxb5 Nxe5 40.
Nxe5 Bxe5+ 41. Kf3 Re6 42. Re1 Kd7 43. a4 Bc7 44. Rd1 Kc8 45. h5 Re4 46. a5
bxa5 47. Rc1 Bd6 48. Nb6+ Kb7 49. Nc4 Rd4 50. Rc3 a4 51. Nxd6+ Rxd6 52. Rxc5
Kb6 53. Re5 Ka5 54. hxg6 fxg6 55. Rc5 Rb6 0-1

[Event "Europa ch 2014"]
[Site "Yerevan ARM"]
[Date "2014.03.08"]
[Round "6.115"]
[White "Dilanyan, Grigor"]
[Black "Henseler, Jorgen"]
[Result "1-0"]
[WhiteElo "2266"]
[BlackElo "2075"]
[PlyCount "149"]
[EventDate "2014.03.03"]
[EventType "swiss"]
[EventRounds "11"]
[EventCountry "ARM"]
[Source "lmi"]
[SourceDate "2014.03.02"]

1. d4 Nf6 2. Nf3 g6 3. Bg5 Bg7 4. Nbd2 d5 5. e3 O-O 6. Bd3 c6 7. O-O Nbd7 8. c4
Re8 9. cxd5 cxd5 10. Qb3 Qb6 11. Qa4 Nf8 12. Ne5 Bd7 13. Nxd7 N6xd7 14. Bb5
Rad8 15. Nb3 a6 16. Bd3 Bf6 17. Bxf6 Nxf6 18. Qa5 Qd6 19. f4 Ne6 20. h3 Rc8 21.
Rac1 Kg7 22. Nd2 Red8 23. Nf3 Kg8 24. a3 Ne8 25. Qd2 Nf6 26. g4 g5 27. f5 Nf8
28. Qh2 Qxh2+ 29. Kxh2 h6 30. Kg3 Kg7 31. b4 N8d7 32. h4 Ne4+ 33. Bxe4 dxe4 34.
Nd2 Nf6 35. h5 Kf8 36. Nc4 Nd5 37. Kf2 Rc7 38. Ne5 Rdc8 39. Rc5 Rxc5 40. dxc5
Nf6 41. Rd1 Ke8 42. Ke2 e6 43. fxe6 fxe6 44. Rd6 Ke7 45. Rb6 Rc7 46. c6 bxc6
47. Nxc6+ Kd7 48. Ne5+ Ke7 49. Kd2 Nd5 50. Rxa6 Rc3 51. Ra7+ Kd6 52. Nf7+ Kc6
53. Ra6+ Kd7 54. Rd6+ Ke7 55. Rxd5 Rxa3 56. Ra5 Rd3+ 57. Ke2 Kxf7 58. Ra7+ Kg8
59. b5 Rd8 60. Rb7 Rd3 61. b6 Rb3 62. Rb8+ Kg7 63. b7 Rb2+ 64. Kd1 e5 65. Kc1
Rb3 66. Kc2 Rb4 67. Kc3 Rb1 68. Kc4 Rb2 69. Kd5 Rb5+ 70. Kxe4 Kh7 71. Kf5 Kg7
72. e4 Kh7 73. Kf6 Rb6+ 74. Kxe5 Rb5+ 75. Kd6 1-0

[Event "Europa ch 2014"]
[Site "Yerevan ARM"]
[Date "2014.03.08"]
[Round "6.116"]
[White "Kanjaryan, Vladimir"]
[Black "Galoyan, Levon"]
[Result "0-1"]
[WhiteElo "2067"]
[BlackElo "2251"]
[PlyCount "82"]
[EventDate "2014.03.03"]
[EventType "swiss"]
[EventRounds "11"]
[EventCountry "ARM"]
[Source "lmi"]
[SourceDate "2014.03.02"]

1. e4 c5 2. Nf3 d6 3. d4 cxd4 4. Nxd4 Nf6 5. Nc3 a6 6. Be3 e6 7. Qd2 Be7 8. f3
Qc7 9. g4 Nc6 10. g5 Nd7 11. h4 Nde5 12. Be2 Na5 13. b3 d5 14. a3 dxe4 15. Nxe4
Nd7 16. Bf2 O-O 17. h5 Nc5 18. Nf6+ gxf6 19. gxf6 Bxf6 20. Rg1+ Kh8 21. Qh6 Qe7
22. b4 e5 23. Nc6 Nxc6 24. Bxc5 Qd8 25. Bd3 e4 26. Bxf8 Bc3+ 27. Kd1 Bg4 28.
Rxg4 Qxf8 29. Qxf8+ Rxf8 30. Rc1 f5 31. Rh4 Rg8 32. Bf1 exf3 33. Rc4 Rg1 34.
Rxc3 Rxf1+ 35. Kd2 Rxc1 36. Rxf3 Rxc2+ 37. Kd1 Nd4 38. Re3 Rc7 39. h6 Kg8 40.
Kd2 Kf7 41. Rg3 Ne6 0-1

[Event "Europa ch 2014"]
[Site "Yerevan ARM"]
[Date "2014.03.08"]
[Round "6.117"]
[White "Karapetyan, Lusine"]
[Black "Nikolaidis, Konstantinos"]
[Result "1/2-1/2"]
[WhiteElo "1985"]
[BlackElo "2186"]
[PlyCount "82"]
[EventDate "2014.03.03"]
[EventType "swiss"]
[EventRounds "11"]
[EventCountry "ARM"]
[Source "lmi"]
[SourceDate "2014.03.02"]

1. e4 c6 2. d4 d5 3. Nc3 dxe4 4. Nxe4 Nd7 5. Nf3 Ngf6 6. Neg5 e6 7. Bc4 h6 8.
Nh3 Nb6 9. Bd3 c5 10. c3 cxd4 11. cxd4 Bb4+ 12. Bd2 Bxd2+ 13. Qxd2 O-O 14. Nf4
Nbd5 15. O-O b6 16. Ne5 Bb7 17. Rfd1 Nxf4 18. Qxf4 Qd5 19. f3 Rac8 20. Kh1 Qd6
21. Qh4 Qb4 22. b3 Rfd8 23. h3 Kf8 24. Bc4 Rd6 25. Qf4 Rdd8 26. a3 Qe7 27. b4
Kg8 28. Qd2 Nh5 29. Rac1 Qh4 30. Kg1 Nf4 31. Qf2 Qg5 32. Kh2 b5 33. h4 Qxg2+
34. Qxg2 Nxg2 35. Kxg2 bxc4 36. Rxc4 f6 37. Rxc8 Rxc8 38. Nd3 Rc2+ 39. Nf2 Bc6
40. Kg3 Kh7 41. Rd3 Kg6 1/2-1/2

[Event "Europa ch 2014"]
[Site "Yerevan ARM"]
[Date "2014.03.08"]
[Round "6.118"]
[White "Gaboyan, Susanna"]
[Black "Basencyan, Mark"]
[Result "1/2-1/2"]
[WhiteElo "2043"]
[BlackElo "2186"]
[PlyCount "83"]
[EventDate "2014.03.03"]
[EventType "swiss"]
[EventRounds "11"]
[EventCountry "ARM"]
[Source "lmi"]
[SourceDate "2014.03.02"]

1. d4 Nf6 2. c4 g6 3. Nf3 Bg7 4. g3 O-O 5. Bg2 d6 6. O-O c6 7. Nc3 Nbd7 8. e4
e5 9. h3 Re8 10. d5 c5 11. Bg5 a6 12. a4 h6 13. Be3 Kh7 14. Qd2 Rf8 15. Ne1 Rb8
16. Nd3 Ne8 17. a5 Nef6 18. Rfb1 b5 19. cxb5 axb5 20. b4 c4 21. a6 cxd3 22.
Qxd3 Ne8 23. Nxb5 Ra8 24. Na7 f5 25. Nc6 Qc7 26. b5 Nb6 27. Bxb6 Qxb6 28. Qe3
Qxe3 29. fxe3 Nf6 30. Bf1 Nxe4 31. b6 Nc5 32. Na7 e4 33. Ra5 Bd7 34. Bb5 Rfb8
35. Bc6 Rxa7 36. bxa7 Rxb1+ 37. Kg2 Rb2+ 38. Kf1 Rb1+ 39. Ke2 Rb2+ 40. Kf1 Rb1+
41. Ke2 Rb2+ 42. Kf1 1/2-1/2

[Event "Europa ch 2014"]
[Site "Yerevan ARM"]
[Date "2014.03.08"]
[Round "6.119"]
[White "Hoghmrtsyan, Artur"]
[Black "Gasparian, Tigran"]
[Result "1-0"]
[WhiteElo "1878"]
[BlackElo "2165"]
[PlyCount "213"]
[EventDate "2014.03.03"]
[EventType "swiss"]
[EventRounds "11"]
[EventCountry "ARM"]
[Source "lmi"]
[SourceDate "2014.03.02"]

1. e4 e5 2. Nf3 Nc6 3. Bb5 g6 4. c3 Nge7 5. d4 exd4 6. cxd4 d5 7. e5 Bg7 8. O-O
O-O 9. Nc3 Bg4 10. Bxc6 Nxc6 11. Be3 f6 12. exf6 Qxf6 13. Nxd5 Qd6 14. Nc3 Bxf3
15. gxf3 Nxd4 16. Bxd4 Qxd4 17. Qxd4 Bxd4 18. Kg2 Rf5 19. Rad1 c5 20. Ne2 Bxb2
21. Rb1 Bg7 22. Rxb7 Rf7 23. Rbb1 Raf8 24. Rbc1 Rf5 25. Rc4 h5 26. f4 Re8 27.
Ng3 Rd5 28. Rfc1 Bd4 29. R1c2 h4 30. Ne2 Bg7 31. Nc1 Rf8 32. Rxc5 Rxc5 33. Rxc5
Rxf4 34. Ne2 Ra4 35. Rc2 Kh7 36. Rd2 Kh6 37. f4 a5 38. Kh3 Bf6 39. Kg4 Re4 40.
Kf3 Rb4 41. Rd6 Kg7 42. Rd7+ Kf8 43. Rd3 Ra4 44. Rd2 Kf7 45. Rc2 Rb4 46. Ke3
Bb2 47. Kd3 a4 48. h3 a3 49. Rc7+ Kf6 50. Rc6+ Kg7 51. Rc7+ Kh6 52. Rc6 Rb5 53.
Kc4 Rf5 54. Rd6 Rf7 55. Kd3 Kh7 56. Ke3 Rc7 57. Kd3 Rb7 58. Rd5 Bg7 59. Ra5 Bf8
60. Ra8 Rd7+ 61. Kc3 Bg7+ 62. Kc2 Bb2 63. Ra6 Kg7 64. Rc6 Kf7 65. Ra6 Rd8 66.
Rc6 Bf6 67. Ra6 Be7 68. Rb6 Rd5 69. Nc3 Rf5 70. Rb7 Ke8 71. Kd2 g5 72. fxg5
Rxg5 73. Ne2 Kf7 74. Rb3 Rd5+ 75. Kc2 Kf6 76. Rf3+ Kg5 77. Re3 Bd6 78. Rd3 Rc5+
79. Kd2 Rc6 80. Rd5+ Kf6 81. Rb5 Rc8 82. Rb3 Rg8 83. Rf3+ Ke6 84. Re3+ Kd5 85.
Rd3+ Kc6 86. Rc3+ Kb6 87. Rc4 Be7 88. Re4 Bg5+ 89. Kc2 Rd8 90. Rd4 Re8 91. Nc3
Rg8 92. Rg4 Rg7 93. Kb3 Kc6 94. Kc4 Kb6 95. Nd5+ Ka5 96. Kd4 Rg8 97. Kd3 Kb5
98. Nc7+ Kc6 99. Ne6 Rb8 100. Nxg5 Rb2 101. Rc4+ Kd5 102. Rc2 Rb1 103. Nf3 Rh1
104. Rh2 Rf1 105. Nxh4 Rf4 106. Ng2 Rf3+ 107. Ne3+ 1-0

[Event "Europa ch 2014"]
[Site "Yerevan ARM"]
[Date "2014.03.08"]
[Round "6.120"]
[White "Cerbulenco, Liviu"]
[Black "Mkrtchyan, Sargis R"]
[Result "1-0"]
[WhiteElo "2160"]
[BlackElo "1909"]
[PlyCount "83"]
[EventDate "2014.03.03"]
[EventType "swiss"]
[EventRounds "11"]
[EventCountry "ARM"]
[Source "lmi"]
[SourceDate "2014.03.02"]

1. e4 e5 2. Nf3 Nc6 3. Bb5 Nf6 4. d3 d6 5. c3 Bd7 6. Ba4 g6 7. O-O Bg7 8. Re1
O-O 9. Nbd2 h6 10. Nf1 Nh7 11. g3 f5 12. Nh4 Qf6 13. exf5 Bxf5 14. Be3 Bc8 15.
Bb3+ Kh8 16. Nd2 Be6 17. Ne4 Qf7 18. Bxe6 Qxe6 19. Qb3 d5 20. Nc5 Qf7 21. Qxb7
g5 22. Qxc6 gxh4 23. f4 d4 24. cxd4 exf4 25. Bxf4 Bxd4+ 26. Kh1 Rab8 27. Ne6
Rb6 28. Qe4 Bxb2 29. Nxf8 Bxa1 30. Rxa1 Qxf8 31. Be5+ Kg8 32. gxh4 Nf6 33. Rg1+
Kf7 34. Qc4+ Re6 35. Rf1 Qa8+ 36. Kg1 Ke7 37. Bxf6+ Rxf6 38. Qxc7+ Ke6 39. Re1+
Kf5 40. Re5+ Kg4 41. Qg7+ Kh3 42. Qg3# 1-0

[Event "Europa ch 2014"]
[Site "Yerevan ARM"]
[Date "2014.03.08"]
[Round "6.121"]
[White "Machkalyan, Haik"]
[Black "Vardanian, Hamazasp"]
[Result "1-0"]
[WhiteElo "1874"]
[BlackElo "2138"]
[PlyCount "81"]
[EventDate "2014.03.03"]
[EventType "swiss"]
[EventRounds "11"]
[EventCountry "ARM"]
[Source "lmi"]
[SourceDate "2014.03.02"]

1. a3 e5 2. e3 d5 3. d4 e4 4. c4 c6 5. Nc3 Nf6 6. Nh3 Bxh3 7. gxh3 Bd6 8. Bg2
O-O 9. Bd2 b6 10. cxd5 cxd5 11. Rc1 a6 12. Nxd5 Nxd5 13. Bxe4 Nxe3 14. Bxe3 Ra7
15. Qg4 g6 16. O-O f5 17. Bd5+ Kh8 18. Qf3 f4 19. Bd2 Nd7 20. Bc3 Nf6 21. Be6
h6 22. d5 Kh7 23. Bd4 Nd7 24. b4 a5 25. Rc6 Ne5 26. Bxe5 Bxe5 27. Qe4 Qg5+ 28.
Kh1 axb4 29. Rg1 Qf6 30. Bg8+ Rxg8 31. Rxf6 Bxf6 32. Qxb4 Bd8 33. h4 Bxh4 34.
Qxf4 Bg5 35. Qb4 Rgg7 36. Rg3 Rad7 37. d6 Bd8 38. Rd3 Rgf7 39. Qb5 Ra7 40. Qe8
Rad7 41. Rf3 1-0

[Event "Europa ch 2014"]
[Site "Yerevan ARM"]
[Date "2014.03.08"]
[Round "6.122"]
[White "Tutisani, Noe"]
[Black "Hakobyan, Hovhannes H"]
[Result "1-0"]
[WhiteElo "2137"]
[BlackElo "1869"]
[PlyCount "47"]
[EventDate "2014.03.03"]
[EventType "swiss"]
[EventRounds "11"]
[EventCountry "ARM"]
[Source "lmi"]
[SourceDate "2014.03.02"]

1. e4 c5 2. Nf3 g6 3. d4 cxd4 4. Nxd4 Bg7 5. Nc3 Nc6 6. Be3 Nf6 7. Nxc6 bxc6 8.
e5 Ng8 9. f4 f6 10. f5 fxe5 11. fxg6 h6 12. Bc4 e6 13. O-O Nf6 14. Qd6 Qe7 15.
Bc5 Bf8 16. g7 Qxg7 17. Qxe5 Bxc5+ 18. Qxc5 Qe7 19. Qe5 O-O 20. Rf3 d6 21. Qe3
Qg7 22. Rg3 Ng4 23. Bxe6+ Kh8 24. Rxg4 1-0

[Event "Europa ch 2014"]
[Site "Yerevan ARM"]
[Date "2014.03.08"]
[Round "6.123"]
[White "Davtyan, Artur"]
[Black "Bykova, Anastasia"]
[Result "0-1"]
[WhiteElo "1843"]
[BlackElo "2132"]
[PlyCount "192"]
[EventDate "2014.03.03"]
[EventType "swiss"]
[EventRounds "11"]
[EventCountry "ARM"]
[Source "lmi"]
[SourceDate "2014.03.02"]

1. Nf3 d5 2. g3 Nf6 3. Bg2 c6 4. O-O Bg4 5. b3 Nbd7 6. Bb2 e6 7. d3 Bd6 8. Nbd2
O-O 9. e4 e5 10. Qe1 Re8 11. h3 Bh5 12. Nh4 dxe4 13. dxe4 b5 14. Kh1 Qc7 15. a4
a6 16. Nf5 Bb4 17. Qe3 Bg6 18. Bc3 Bf8 19. Nh4 Nc5 20. Bb4 Ncxe4 21. Nxe4 Bxe4
22. Bxf8 Bxg2+ 23. Kxg2 Rxf8 24. Nf5 Nd5 25. Qc5 g6 26. c4 bxc4 27. bxc4 Nf6
28. Qe7 Qxe7 29. Nxe7+ Kg7 30. Nxc6 e4 31. Rac1 Rfc8 32. Nd4 Rab8 33. c5 Rb4
34. Rfd1 Rxa4 35. c6 Ne8 36. Rb1 Kf6 37. Rb7 Rc7 38. Rb8 Ke7 39. Ra8 Nd6 40.
Rb8 Rc4 41. Rb6 a5 42. Ra6 a4 43. g4 Nc8 44. Ra5 Kf6 45. g5+ Ke7 46. Re5+ Kf8
47. Nb5 Re7 48. Rd8+ Kg7 49. Rxe7 Nxe7 50. c7 a3 51. Nd6 Rc5 52. Ne8+ Kf8 53.
Nf6+ Kg7 54. Ne8+ Kf8 55. Nf6+ Kg7 56. h4 h6 57. gxh6+ Kxh6 58. Ng8+ Kg7 59.
Nxe7 Rxc7 60. Ra8 Rxe7 61. Rxa3 Kh6 62. Kg3 Re5 63. Ra8 e3 64. fxe3 Rxe3+ 65.
Kg4 f5+ 66. Kf4 Rh3 67. h5 Rh4+ 68. Ke5 Kxh5 69. Ra1 Kg5 70. Rg1+ Rg4 71. Rh1
Rg2 72. Re1 Rg4 73. Rh1 Re4+ 74. Kd5 Re8 75. Rg1+ Kf6 76. Kd4 g5 77. Ra1 g4 78.
Rg1 Kg5 79. Kd3 f4 80. Rf1 g3 81. Rg1 Kg4 82. Rf1 g2 83. Rg1 f3 84. Kd4 Kg3 85.
Ra1 Kf2 86. Ra2+ Re2 87. Ra1 g1=Q 88. Rxg1 Kxg1 89. Kd3 Re7 90. Kd4 f2 91. Kd5
f1=Q 92. Kd4 Qd1+ 93. Kc5 Rc7+ 94. Kb6 Rc2 95. Kb5 Qb1+ 96. Ka4 Ra2# 0-1

[Event "Europa ch 2014"]
[Site "Yerevan ARM"]
[Date "2014.03.08"]
[Round "6.124"]
[White "Avetisyan, Ashot"]
[Black "Simonyan, Latush"]
[Result "0-1"]
[WhiteElo "2121"]
[BlackElo "1799"]
[PlyCount "68"]
[EventDate "2014.03.03"]
[EventType "swiss"]
[EventRounds "11"]
[EventCountry "ARM"]
[Source "lmi"]
[SourceDate "2014.03.02"]

1. d4 Nf6 2. c4 g6 3. g3 Bg7 4. Bg2 O-O 5. Nc3 d6 6. Nf3 c6 7. h3 Qa5 8. O-O
Qa6 9. Qb3 Nbd7 10. Rd1 Nb6 11. Nd2 Be6 12. d5 cxd5 13. cxd5 Bd7 14. e4 Ba4 15.
Qb4 Bxd1 16. Bf1 Nfxd5 17. exd5 Bxc3 18. Qxc3 Be2 19. Bg2 Qd3 20. Qc7 Rac8 21.
Qxe7 Rxc1+ 22. Rxc1 Qxd2 23. Ra1 Nc4 24. a4 Qxb2 25. Re1 Ne5 26. a5 Qd2 27. Rb1
Bd3 28. Ra1 Qb4 29. Rc1 Ba6 30. Qf6 Qb2 31. Rc7 Be2 32. Qf4 Ba6 33. Qf6 Qa1+
34. Kh2 Ng4+ 0-1

[Event "Europa ch 2014"]
[Site "Yerevan ARM"]
[Date "2014.03.08"]
[Round "6.125"]
[White "Rusek, Walter"]
[Black "Hakobyan, Aram"]
[Result "1/2-1/2"]
[WhiteElo "1794"]
[BlackElo "2103"]
[PlyCount "40"]
[EventDate "2014.03.03"]
[EventType "swiss"]
[EventRounds "11"]
[EventCountry "ARM"]
[Source "lmi"]
[SourceDate "2014.03.02"]

1. d4 Nf6 2. c4 c5 3. d5 b5 4. Nd2 bxc4 5. e4 d6 6. Bxc4 g6 7. b3 Bg7 8. Bb2
Nbd7 9. Qc2 O-O 10. Ngf3 Rb8 11. O-O Qc7 12. Rfe1 Ng4 13. Bxg7 Kxg7 14. Qc3+
Kg8 15. Be2 Bb7 16. Rad1 Rfc8 17. Nc4 Ba6 18. Na5 Bb7 19. Nc4 Ba6 20. Na5 Bb7
1/2-1/2

[Event "Europa ch 2014"]
[Site "Yerevan ARM"]
[Date "2014.03.08"]
[Round "6.126"]
[White "Imnadze, Nato"]
[Black "Bejashvili, Irma"]
[Result "1-0"]
[WhiteElo "2100"]
[BlackElo "1749"]
[PlyCount "120"]
[EventDate "2014.03.03"]
[EventType "swiss"]
[EventRounds "11"]
[EventCountry "ARM"]
[Source "lmi"]
[SourceDate "2014.03.02"]

1. e4 d5 2. exd5 Qxd5 3. Nc3 Qa5 4. d4 c6 5. Bc4 Nf6 6. Nf3 Bg4 7. h3 Bh5 8. g4
Bg6 9. Bd2 Nbd7 10. Qe2 Qc7 11. Ne5 e6 12. O-O-O Bd6 13. f4 O-O 14. h4 b5 15.
Bb3 b4 16. Na4 Be4 17. g5 Bxh1 18. gxf6 Bd5 19. Nxd7 Qxd7 20. Qg4 g6 21. Nc5
Bxc5 22. dxc5 Qd8 23. Qg5 Bf3 24. Rf1 Be4 25. Bxb4 Kh8 26. Rd1 Qc7 27. Bc3 Rae8
28. Be5 Qb7 29. Bd6 Rg8 30. Qe5 Bd5 31. c4 Bf3 32. Rd3 Bg4 33. a3 h6 34. Rg3
Bf5 35. Bd1 Kh7 36. Rb3 Qa6 37. Be2 Qa5 38. Bf3 Qa6 39. Be2 Qa5 40. Bf1 Qa6 41.
Rg3 Qb7 42. Qe1 Ra8 43. Qa5 Rad8 44. Qa4 Rd7 45. Bg2 Rc8 46. Rb3 Qa8 47. Qa6
Bg4 48. Rg3 Bh5 49. b4 Qb7 50. Qxb7 Rxb7 51. b5 Be2 52. Bxc6 Rbc7 53. Bxc7 Rxc7
54. Rc3 Rc8 55. a4 g5 56. fxg5 hxg5 57. hxg5 Kg6 58. Be4+ Kxg5 59. b6 Kxf6 60.
b7 Rb8 1-0

[Event "Europa ch 2014"]
[Site "Yerevan ARM"]
[Date "2014.03.08"]
[Round "6.127"]
[White "Bykov, Egor"]
[Black "Pavlidou, Ekaterini"]
[Result "1/2-1/2"]
[WhiteElo "2089"]
[BlackElo "2188"]
[PlyCount "86"]
[EventDate "2014.03.03"]
[EventType "swiss"]
[EventRounds "11"]
[EventCountry "ARM"]
[Source "lmi"]
[SourceDate "2014.03.02"]

1. d4 Nf6 2. Nf3 e6 3. Bg5 d5 4. c4 Bb4+ 5. Nc3 O-O 6. e3 c5 7. Qc2 cxd4 8.
exd4 h6 9. Bxf6 Qxf6 10. a3 Bxc3+ 11. bxc3 b6 12. cxd5 exd5 13. Bb5 Bf5 14. Qd2
Be4 15. Be2 Nc6 16. O-O Rfe8 17. Ne1 Na5 18. Qa2 Rac8 19. Rc1 Nc4 20. f3 Bg6
21. Nd3 Qe7 22. Rf2 Bxd3 23. Bxd3 Qxa3 24. Qxa3 Nxa3 25. Ra2 Re3 26. Rxa3 Rxd3
27. Rxa7 Rxd4 28. Rb7 Rd2 29. Rxb6 Re8 30. Rb4 Ree2 31. Rg4 f5 32. Rg3 g5 33.
h4 g4 34. h5 Re3 35. Kh2 Rxf3 36. c4 dxc4 37. Rxc4 Rfd3 38. Rxd3 Rxd3 39. Rc5
f4 40. Rc4 g3+ 41. Kh3 Rd5 42. Rxf4 Rxh5+ 43. Kxg3 Rg5+ 1/2-1/2

[Event "Europa ch 2014"]
[Site "Yerevan ARM"]
[Date "2014.03.08"]
[Round "6.128"]
[White "Kleinert, Juergen"]
[Black "Kuehn, Matthias"]
[Result "0-1"]
[WhiteElo "2000"]
[BlackElo "1957"]
[PlyCount "106"]
[EventDate "2014.03.03"]
[EventType "swiss"]
[EventRounds "11"]
[EventCountry "ARM"]
[Source "lmi"]
[SourceDate "2014.03.02"]

1. e4 g6 2. d4 Bg7 3. c4 d6 4. Nc3 Nc6 5. Be3 h6 6. f4 Nf6 7. Be2 O-O 8. h3 e5
9. fxe5 dxe5 10. d5 Nd4 11. Nf3 Nxe2 12. Qxe2 Nh5 13. Qd2 Ng3 14. Rg1 Kh7 15.
O-O-O f5 16. exf5 Nxf5 17. Bc5 Nd6 18. Qe2 b6 19. Bf2 Ba6 20. b3 Qf6 21. Rgf1
Rae8 22. Be1 e4 23. Nh2 Qg5+ 24. Kc2 Nf5 25. h4 Qf6 26. Kb1 Qd6 27. Rh1 Nd4 28.
Qe3 Nf5 29. Qh3 Bc8 30. g4 Nd4 31. Rf1 Rxf1 32. Nxf1 Nf3 33. Nb5 Qf4 34. Bc3
Bxg4 35. Qg2 Nxh4 36. Qd2 e3 37. Nxe3 Bxc3 38. Nxc3 Qxe3 39. Qxe3 Rxe3 40. Rd4
Rxc3 41. Rxg4 Nf5 42. Kb2 Rc2+ 43. Ka3 h5 44. Re4 h4 45. b4 h3 46. Kb3 Rd2 47.
Kc3 Rxa2 48. c5 bxc5 49. bxc5 h2 50. Re1 Kg7 51. Kb3 Rg2 52. d6 cxd6 53. c6
Nd4+ 0-1

[Event "Europa ch 2014"]
[Site "Yerevan ARM"]
[Date "2014.03.10"]
[Round "7.2"]
[White "Melkumyan, Hrant"]
[Black "Laznicka, Viktor"]
[Result "1/2-1/2"]
[WhiteElo "2613"]
[BlackElo "2681"]
[PlyCount "88"]
[EventDate "2014.03.03"]
[EventType "swiss"]
[EventRounds "11"]
[EventCountry "ARM"]
[Source "lmi"]
[SourceDate "2014.03.02"]

1. d4 Nf6 2. c4 e6 3. Nc3 Bb4 4. Nf3 b6 5. e3 O-O 6. Bd3 d5 7. O-O dxc4 8. Bxc4
c5 9. a3 Bxc3 10. bxc3 Nbd7 11. Re1 Bb7 12. Bd3 Be4 13. Bf1 Bc6 14. Bb2 Qc7 15.
Nd2 Qb7 16. c4 Rfd8 17. Qc2 Rac8 18. a4 Qc7 19. h3 Nf8 20. a5 cxd4 21. axb6
axb6 22. Bxd4 N8d7 23. Qb2 e5 24. Bc3 Ne4 25. Nxe4 Bxe4 26. f3 Bf5 27. f4 f6
28. fxe5 Nxe5 29. Bxe5 fxe5 30. Ra6 Rb8 31. Qa3 Be4 32. Ra7 Rb7 33. Rxb7 Bxb7
34. Qb4 Rf8 35. Rd1 h6 36. Qd6 Qxd6 37. Rxd6 Rf6 38. Rd1 Be4 39. Rd7 Rf7 40.
Rd2 Rf6 41. Rb2 Kf8 42. Rb4 Bg6 43. Rb5 Re6 44. c5 bxc5 1/2-1/2

[Event "Europa ch 2014"]
[Site "Yerevan ARM"]
[Date "2014.03.10"]
[Round "7.3"]
[White "Eljanov, Pavel"]
[Black "Sjugirov, Sanan"]
[Result "1-0"]
[WhiteElo "2723"]
[BlackElo "2653"]
[PlyCount "95"]
[EventDate "2014.03.03"]
[EventType "swiss"]
[EventRounds "11"]
[EventCountry "ARM"]
[Source "lmi"]
[SourceDate "2014.03.02"]

1. d4 Nf6 2. c4 e6 3. g3 c5 4. d5 exd5 5. cxd5 d6 6. Nc3 g6 7. Nf3 Bg7 8. Bg2
O-O 9. O-O Re8 10. Bf4 Ne4 11. Nxe4 Rxe4 12. Nd2 Rxf4 13. gxf4 Bxb2 14. Rb1 Bg7
15. e4 Nd7 16. Qf3 b5 17. Rfe1 Ba6 18. Qa3 Bc8 19. Rxb5 Bh6 20. Qg3 Ba6 21. Rb3
Qf6 22. e5 Qxf4 23. Ne4 Nxe5 24. Ra3 Bb5 25. Nxd6 Bd3 26. Qxf4 Bxf4 27. Nb7 c4
28. d6 Rc8 29. Rxe5 Bxe5 30. d7 Rb8 31. Rxd3 cxd3 32. d8=Q+ Rxd8 33. Nxd8 d2
34. Bf3 Bd4 35. Nc6 Bc5 36. Kf1 Kg7 37. Na5 Kf6 38. Nb3 Bd6 39. h3 Ke5 40. Ke2
Bb4 41. Nxd2 Kd4 42. Bc6 Ke5 43. Nf3+ Kf4 44. Bd5 f5 45. Bg8 h6 46. Bh7 g5 47.
Nd4 g4 48. h4 1-0

[Event "Europa ch 2014"]
[Site "Yerevan ARM"]
[Date "2014.03.10"]
[Round "7.5"]
[White "Jobava, Baadur"]
[Black "Tregubov, Pavel V"]
[Result "1/2-1/2"]
[WhiteElo "2716"]
[BlackElo "2614"]
[PlyCount "92"]
[EventDate "2014.03.03"]
[EventType "swiss"]
[EventRounds "11"]
[EventCountry "ARM"]
[Source "lmi"]
[SourceDate "2014.03.02"]

1. d4 Nf6 2. c4 Nc6 3. Nf3 e6 4. Nc3 Bb4 5. Bd2 O-O 6. e3 d6 7. a3 Bxc3 8. Bxc3
Ne4 9. Qc2 Nxc3 10. Qxc3 Qe7 11. Rc1 e5 12. d5 Nb8 13. c5 Bf5 14. Nd2 Nd7 15.
e4 Bg6 16. cxd6 cxd6 17. Qc7 Rfd8 18. h4 f5 19. h5 Bxh5 20. exf5 Qf8 21. Qxb7
Qxf5 22. Rc7 Be8 23. Qa6 Nf6 24. Qd3 Qxd3 25. Bxd3 Rdc8 26. Rxc8 Rxc8 27. Kd1
Bg6 28. Rh3 Kf7 29. Nc4 Ke7 30. Bxg6 Rxc4 31. Bxh7 Rg4 32. Bf5 Rxg2 33. Rb3
Rxf2 34. Rb7+ Kd8 35. Be6 a5 36. b4 axb4 37. axb4 g5 38. b5 Rb2 39. b6 Ne4 40.
Rd7+ Ke8 41. b7 Nc5 42. Rxd6 Ke7 43. Rc6 Nxb7 44. Rc7+ Kf6 45. Rf7+ Kg6 46. Rc7
Kf6 1/2-1/2

[Event "Europa ch 2014"]
[Site "Yerevan ARM"]
[Date "2014.03.10"]
[Round "7.6"]
[White "Riazantsev, Alexander"]
[Black "Goganov, Aleksey"]
[Result "1/2-1/2"]
[WhiteElo "2689"]
[BlackElo "2569"]
[PlyCount "83"]
[EventDate "2014.03.03"]
[EventType "swiss"]
[EventRounds "11"]
[EventCountry "ARM"]
[Source "lmi"]
[SourceDate "2014.03.02"]

1. d4 Nf6 2. c4 e6 3. Nf3 Bb4+ 4. Nbd2 a5 5. e3 d5 6. Bd3 O-O 7. O-O b6 8. a3
Be7 9. b3 Bb7 10. Bb2 Nbd7 11. Qc2 c5 12. cxd5 exd5 13. Bb5 Ba6 14. Bxa6 Rxa6
15. e4 Nxe4 16. Nxe4 dxe4 17. Qxe4 Bf6 18. Rad1 Qc8 19. Ne5 cxd4 20. Nxd7 Qxd7
21. Bxd4 Bxd4 22. Rxd4 Qc7 23. Rc4 Qd6 24. a4 Raa8 25. Rc6 Qd8 26. Re1 Rc8 27.
g3 Rxc6 28. Qxc6 Qd4 29. Kg2 Qb4 30. Re3 g6 31. Rd3 Rb8 32. Rf3 Qe7 33. Re3 Qb4
34. Rf3 Qe7 35. Re3 Qb4 36. Qc7 Rf8 37. Qb7 Qd6 38. Rf3 Qe6 39. Re3 Qd6 40. Rf3
Qe6 41. Rd3 Rc8 42. Re3 1/2-1/2

[Event "Europa ch 2014"]
[Site "Yerevan ARM"]
[Date "2014.03.10"]
[Round "7.7"]
[White "Akopian, Vladimir"]
[Black "Kotanjian, Tigran"]
[Result "1-0"]
[WhiteElo "2682"]
[BlackElo "2531"]
[PlyCount "61"]
[EventDate "2014.03.03"]
[EventType "swiss"]
[EventRounds "11"]
[EventCountry "ARM"]
[Source "lmi"]
[SourceDate "2014.03.02"]

1. e4 c5 2. Nf3 Nc6 3. Bb5 g6 4. Bxc6 bxc6 5. O-O Bg7 6. Re1 Nh6 7. c3 O-O 8.
d4 Qb6 9. Na3 cxd4 10. Nxd4 d6 11. Nc4 Qa6 12. Ne3 c5 13. Nf3 Qb7 14. Nd5 Kh8
15. h3 Ng8 16. c4 Bd7 17. Qc2 Bc6 18. Rb1 e6 19. b4 exd5 20. cxd5 Bb5 21. a4
Bd7 22. bxc5 Bxa4 23. Rxb7 Bxc2 24. Ng5 Nh6 25. cxd6 a5 26. e5 Nf5 27. Nxf7+
Kg8 28. e6 a4 29. d7 Bc3 30. e7 Bxe1 31. exf8=Q+ 1-0

[Event "Europa ch 2014"]
[Site "Yerevan ARM"]
[Date "2014.03.10"]
[Round "7.9"]
[White "Solak, Dragan"]
[Black "Bartel, Mateusz"]
[Result "1-0"]
[WhiteElo "2610"]
[BlackElo "2662"]
[PlyCount "71"]
[EventDate "2014.03.03"]
[EventType "swiss"]
[EventRounds "11"]
[EventCountry "ARM"]
[Source "lmi"]
[SourceDate "2014.03.02"]

1. e4 e6 2. d4 d5 3. Nd2 Nf6 4. e5 Nfd7 5. c3 c5 6. f4 Nc6 7. Ndf3 Qa5 8. Be3
Qb6 9. Qd2 Be7 10. Bd3 cxd4 11. Nxd4 Nxd4 12. Bxd4 Nc5 13. Be2 Bd7 14. Nf3 O-O
15. Qc2 Qc7 16. O-O f5 17. exf6 gxf6 18. b4 Ne4 19. Bd3 Bd6 20. g3 Bc6 21. b5
Bd7 22. Bxe4 dxe4 23. Qxe4 Rae8 24. a4 b6 25. Rad1 Bc8 26. Qc6 Qxc6 27. bxc6
Bc7 28. Be3 Rd8 29. Rxd8 Rxd8 30. Nd4 Rd6 31. f5 e5 32. Nb5 Rxc6 33. Nxa7 Rxc3
34. Nxc8 Bd8 35. Rc1 Rxe3 36. Rd1 1-0